000
00310 a2200121 4500
000
nam a22 7a 4500
005
20260206104950.0
020
_a
9789348409-997
100
_a
Rangeya Raghav
_9
1114085
245
_a
Prachin Bhartiya Parampara Aur Itihas
260
_b
Ananya Prakashan
_c
2025
942
_c
TEXL
999
_c
1678762
_d
1678762